000 00722nam a2200253Ia 4500
008 160621s9999 xx 000 0 und d
020 _a0-19-512159-7
050 _aComSc HC 79
050 _b.I55L83 1999
100 _aLucas, Henry C. Jr.
245 _aInformation technology and the productivity paradox :
245 _bassessing the value of investing in IT /
245 _cHenry C. Lucas, Jr.
260 _aNew York :
260 _bOxford University Press.,
260 _c1999
300 _a225 pages :
300 _billustrations ;
300 _c24 cm.
500 _aIncludes index.
650 _aInformation technology -- Finance.
650 _aRate of return.
650 _xCapital investments.
999 _c296140
_d296140